Kết cấu thép

Gespeichert in:
Bibliographische Detailangaben
1. Verfasser: Đỗ, Đào Hải
Weitere Verfasser: Ngô, Vi Long
Format: Buch
Sprache:Undetermined
Veröffentlicht: TP.HCM Đại học Quốc gia TP.HCM 2006
Schlagworte:
Online Zugang:http://lrc.tdmu.edu.vn/opac/search/detail.asp?aID=2&ID=3696
Tags: Tag hinzufügen
Keine Tags, Fügen Sie den ersten Tag hinzu!
Thư viện lưu trữ: Trung tâm Học liệu Trường Đại học Thủ Dầu Một
LEADER 00765nam a2200205Ia 4500
001 TDMU_3696
008 210410s9999 xx 000 0 und d
082 |a 693.7 
090 |b D6496 
100 |a Đỗ, Đào Hải 
245 0 |a Kết cấu thép 
245 0 |c Đỗ Đào Hải (ch.b.), Ngô Vi Long, Lưu Đức Huân, Lê Văn Phước Nhân, Trần Thị Thôn, Nguyễn Thị Bích Thuỷ, Hồ Đức Duy 
260 |a TP.HCM 
260 |b Đại học Quốc gia TP.HCM 
260 |c 2006 
300 |a 300tr. 
650 |a Kết cấu thép 
700 |a Ngô, Vi Long 
856 |u http://lrc.tdmu.edu.vn/opac/search/detail.asp?aID=2&ID=3696 
980 |a Trung tâm Học liệu Trường Đại học Thủ Dầu Một